[Event "SVK-chT"]
[Site "?"]
[Date "1995.??.??"]
[Round "?"]
[White "Meister, Yakov"]
[Black "Maksimenko, Andrei"]
[Result "0-1"]
[WhiteElo "2445"]
[BlackElo "2475"]

1.c4 e6 2.Nc3 d5 3.d4 c6 4.e3 Nf6 5.Nf3 Nbd7 6.Bd3 dxc4 7.Bxc4 b5 8.Bd3 a6
9.e4 c5 10.d5 Qc7 11.O-O Bb7 12.Qe2 c4 13.Bc2 Bd6 14.dxe6 fxe6 15.Nd4 Nc5
16.f4 e5 17.Nf5 O-O 18.Nxd6 Qxd6 19.fxe5 Qxe5 20.Bf4 Qe6 21.e5 Nd5 22.Nxd5 Bxd5
23.Rad1 Nd3 24.Bg3 Nxb2 25.Bxh7+ Kxh7 26.Qxb2 Rxf1+ 27.Rxf1 Qb6+ 28.Bf2 Qg6
29.Be1 a5 30.Rf4 b4 31.h3  0-1

[Event "BCF-ch"]
[Site "Swansea"]
[Date "1995.??.??"]
[Round "5"]
[White "Sadler, Matthew"]
[Black "Summerscale, Aaron"]
[Result "1/2-1/2"]
[WhiteElo "2575"]
[BlackElo "2455"]

1.d4 d5 2.c4 c6 3.Nc3 Nf6 4.e3 e6 5.Nf3 Nbd7 6.Bd3 Bd6 7.e4 dxe4 8.Nxe4 Nxe4
9.Bxe4 h6 10.O-O O-O 11.Bc2 e5 12.b3 Re8 13.Re1 exd4 14.Rxe8+ Qxe8 15.Qxd4 Bc5
16.Qc3 Nf6 17.Bxh6 Bxf2+ 18.Kxf2 Ng4+ 19.Kf1 Nxh6 20.Re1 Qd8 21.Qe5 Bg4 22.Nd4 Bd7
23.h3 Qf8 24.Qc7 Qc8 25.Qf4 Qf8 26.g4 Re8 27.Rxe8  1/2-1/2

[Event "SWZ-chT"]
[Site "SWZ"]
[Date "1995.??.??"]
[Round "4"]
[White "Sutter, Oliver"]
[Black "Toth, Bela"]
[Result "0-1"]
[WhiteElo "2335"]
[BlackElo "2400"]

1.d4 d5 2.c4 c6 3.Nf3 Nf6 4.Nc3 e6 5.e3 Nbd7 6.Bd3 dxc4 7.Bxc4 b5 8.Bd3 a6
9.e4 c5 10.e5 cxd4 11.Nxb5 Nxe5 12.Nxe5 axb5 13.Qf3 Rb8 14.Nc6 Bb7 15.Bxb5 Qb6
16.Qg3 Nd7 17.Nxb8 Qxb5 18.Nxd7 Bb4+ 19.Kd1 Kxd7 20.a4 Qh5+ 21.f3 Qf5 22.Qg5 Qd3+
23.Bd2 Bxf3+ 24.gxf3 Qxf3+ 25.Kc2 Rc8+ 26.Bc3 Rc5 27.Qh4 Bxc3 28.Rhf1 Qe2+  0-1

[Event "SWZ-chT"]
[Site "SWZ"]
[Date "1995.??.??"]
[Round "7"]
[White "Huebner, Robert"]
[Black "Lautier, Joel"]
[Result "1/2-1/2"]
[WhiteElo "2630"]
[BlackElo "2645"]

1.d4 d5 2.Nf3 Nf6 3.c4 c6 4.Nc3 e6 5.e3 Nbd7 6.Qc2 Bd6 7.Be2 O-O 8.O-O Re8
9.Rd1 Qe7 10.b3 b6 11.e4 Nxe4 12.Nxe4 dxe4 13.Qxe4 Bb7 14.Ne5 f5 15.Qe3 Nf6
16.Bf3 c5 17.Bxb7 Qxb7 18.Bb2 Rad8 19.dxc5 Bxc5 20.Bd4 Bd6 21.f3 Qc7 22.Kh1 Nd7
23.Nxd7 Rxd7 24.Be5 Bxe5 25.Rxd7 Qxd7 26.Qxe5  1/2-1/2

[Event "SWZ-chT"]
[Site "SWZ"]
[Date "1995.??.??"]
[Round "8"]
[White "Zueger, Beat"]
[Black "Preissmann, Emmanuel"]
[Result "1-0"]
[WhiteElo "2470"]
[BlackElo "2350"]

1.c4 e6 2.d4 d5 3.Nf3 c6 4.e3 Nf6 5.Nc3 Nbd7 6.Qc2 Bd6 7.Be2 O-O 8.O-O dxc4
9.Bxc4 b5 10.Be2 Bb7 11.Rd1 Qe7 12.b3 a6 13.a4 b4 14.Ne4 Nxe4 15.Qxe4 f5
16.Qc2 c5 17.Bb2 Rac8 18.Qd2 Rcd8 19.Qe1 Bd5 20.Nd2 Nf6 21.dxc5 Bb8 22.g3 a5
23.Rac1 Rc8 24.Nc4 Ne4 25.Nb6 Rxc5 26.Rxc5 Qxc5 27.Nxd5 exd5 28.Rxd5 Qc2
29.Bc4 Kh8 30.Bd4 Ng5 31.Rd7 Nf3+ 32.Kf1 Be5 33.Bxe5 Nxe5 34.Qd1 Qxd1+ 35.Rxd1 g6
36.Ke2 Rc8 37.Rd4 Kg7 38.h3 Rc7 39.f4 Nd7 40.Rd6 Nc5 41.Bd5 Kf8 42.Rd8+ Ke7
43.Ra8 Rd7 44.Bc4 Ne4 45.Rxa5 Rd2+ 46.Ke1 Rh2 47.Ra7+ Kd6 48.Rxh7 Rh1+ 49.Ke2 Rh2+
50.Ke1 Rh1+ 51.Bf1 Nxg3 52.Kf2 Nxf1 53.Kg2 Rh2+ 54.Kxf1 Kd5 55.Rb7 Ke4 56.Rxb4+ Kxe3
57.a5 Kf3 58.Ke1 Ke3 59.Kd1 Kd3 60.Ke1 Ke3 61.Kd1 Kd3 62.Kc1 Kc3 63.Rc4+ Kxb3
64.Rc6 Rxh3 65.a6 Rh4 66.a7 Rh1+ 67.Kd2 Ra1 68.Rc7 Kb4 69.Kd3 Kb5 70.Kd4 Kb6
71.Rg7 Ra5 72.Rxg6+ Kxa7 73.Rd6 Kb7 74.Rd5 Ra4+ 75.Ke5 Kc6 76.Rd1 Ra5+ 77.Ke6 Rc5
78.Re1 Kc7 79.Re5 Rc6+ 80.Kxf5 Kd7 81.Kg5 Rc1 82.f5 Kd6 83.Re2 Rc8 84.f6 Rg8+
85.Kh6 Rg1 86.f7 Rh1+ 87.Kg7 Rg1+ 88.Kf8 Ra1 89.Re8 Kd7 90.Kg7 Rg1+ 91.Kh6 Rh1+
92.Kg5  1-0

[Event "AUS-ch"]
[Site "Sydney"]
[Date "1995.??.??"]
[Round "7"]
[White "Wohl, Aleksandar H"]
[Black "West, Guy"]
[Result "1/2-1/2"]
[WhiteElo "2400"]
[BlackElo "2400"]

1.d4 d5 2.c4 e6 3.Nc3 c6 4.Nf3 Nf6 5.e3 Nbd7 6.Bd3 dxc4 7.Bxc4 b5 8.Bd3 Bb7
9.O-O b4 10.Na4 c5 11.b3 cxd4 12.exd4 Bd6 13.Bg5 Qa5 14.Nb2 O-O 15.Nc4 Bxf3
16.Nxa5 Bxd1 17.Rfxd1 h6 18.Be3 Nd5 19.Be4 N7f6 20.Bf3 Rac8 21.Nc4 Be7 22.Rdc1 Rc7
23.Bd2 Rfc8 24.Kf1 Nd7 25.Bxd5 exd5 26.Ne5 Nb8 27.Rxc7 Rxc7 28.Ke2 f6 29.Ng6 Bd6
30.Kd3 Kf7 31.Nf4 Bxf4 32.Bxf4 Rc3+ 33.Kd2 Nc6 34.Bd6 a5 35.Bc5 h5 36.h4 g5  1/2-1/2

[Event "Tampere op"]
[Site "Tampere"]
[Date "1995.??.??"]
[Round "?"]
[White "Paldanius, Pekka"]
[Black "Tella, Jussi"]
[Result "0-1"]
[WhiteElo "2275"]
[BlackElo "2240"]

1.d4 d5 2.c4 c6 3.Nf3 Nf6 4.Nc3 e6 5.e3 Nbd7 6.Bd3 dxc4 7.Bxc4 b5 8.Bd3 a6
9.e4 c5 10.e5 cxd4 11.Nxb5 axb5 12.exf6 gxf6 13.Nxd4 Qb6 14.Nf3 Bb7 15.O-O Rg8
16.Bf4 Ra4 17.Bg3 h5 18.Qe2 Bc6 19.Rfc1 Bc5 20.a3 h4 21.b4 hxg3 22.hxg3 Be7
23.Rxc6 Qxc6 24.Bxb5 Qc3 25.Bxd7+ Kf8 26.Qd1 Rxa3 27.Rxa3 Qxa3 28.b5 Qd6
29.Qxd6 Bxd6 30.Nd2 Ke7 31.Bc6 Rg4 32.Ne4 f5 33.Nxd6 Kxd6 34.Kf1 Rb4 35.Ke2 Rb2+
36.Ke3 e5 37.Kf3  0-1

[Event "Tastrup"]
[Site "Tastrup"]
[Date "1995.??.??"]
[Round "2"]
[White "Hove, Esben Kjems"]
[Black "Bjerring, Kai"]
[Result "1/2-1/2"]
[WhiteElo "2295"]
[BlackElo "2350"]

1.d4 d5 2.Nf3 Nf6 3.c4 e6 4.Nc3 c6 5.e3 Nbd7 6.Bd3 dxc4 7.Bxc4 b5 8.Bd3 a6
9.e4 c5 10.e5 cxd4 11.Ne2 Nd5 12.Nexd4 Bb7 13.O-O Be7 14.a3 Rc8 15.Qe2 Nc5
16.Bc2 b4 17.Bd2 Qb6 18.axb4 Nxb4 19.Bxb4 Qxb4 20.Qe3 O-O 21.b3 Rfd8 22.Rfd1 Rd7
23.Ne2 Rcd8 24.Rxd7 Rxd7 25.Nfd4 Bd8 26.Rd1 Bb6 27.Qc3 Qxc3 28.Nxc3 Nd3 29.Rxd3 Rxd4
30.Ne2 Rxd3 31.Bxd3 a5 32.Kf1 Bd5 33.Bc2 g5 34.Nc3 Bb7 35.Ne4 h6 36.g3 Bd4
37.f4 gxf4 38.gxf4 Be3 39.f5 Bf4 40.Nf6+ Kf8 41.fxe6 fxe6 42.h3 Kf7 43.Ng4 h5
44.Nf6 h4 45.Ng4 Bf3 46.Kf2 Bxg4 47.hxg4 Bxe5 48.g5 Bf4 49.g6+ Kf6 50.Kf3 Bh6
51.Kg4 Ke5 52.Kxh4 Kf4 53.Kh3 Ke3 54.Bd1 Kd2 55.Bg4 e5 56.Kg2 e4 57.Kf1 Bg7
58.Be6 e3 59.Bc4 Bd4 60.Bb5 Kc3 61.Ke2  1/2-1/2

[Event "Tel Aviv "]
[Site "Tel Aviv "]
[Date "1995.??.??"]
[Round "?"]
[White "Golod, Vitali"]
[Black "Rabinovich, Alexander"]
[Result "1/2-1/2"]
[WhiteElo "2545"]
[BlackElo "2280"]

1.d4 d5 2.c4 c6 3.Nc3 Nf6 4.Nf3 e6 5.e3 Nbd7 6.Qc2 Bd6 7.Be2 O-O 8.O-O dxc4
9.Bxc4 e5 10.Re1 Qe7 11.Bb3 e4 12.Ng5 Bxh2+ 13.Kxh2 Ng4+ 14.Kg1 Qxg5 15.Qxe4 Ndf6
16.Qf3 Qh4 17.e4 Qh2+ 18.Kf1 b6 19.Bc4 b5 20.Bd3 Ne5 21.dxe5 Bg4 22.exf6 Qh1+
23.Ke2 Qxg2 24.Qxg4 Qxg4+ 25.Kf1 b4 26.Na4 Qh3+ 27.Ke2 Rad8 28.Bc2 Qh5+ 29.Kf1 Qh1+
30.Ke2 Qh5+  1/2-1/2

[Event "Czerniak mem"]
[Site "Tel Aviv"]
[Date "1995.??.??"]
[Round "2"]
[White "Rinberg, Alexander"]
[Black "Shabtai, Ran"]
[Result "1-0"]
[WhiteElo "2335"]
[BlackElo "2330"]

1.d4 Nf6 2.Nf3 d5 3.c4 e6 4.Nc3 c6 5.e3 Nbd7 6.Qc2 Bd6 7.Be2 O-O 8.O-O Re8
9.a3 e5 10.cxd5 cxd5 11.dxe5 Nxe5 12.h3 Nxf3+ 13.Bxf3 Qe7 14.Be2 Be6 15.Bd2 Rac8
16.Qd3 Bb8 17.Rad1 d4 18.Qxd4 Bb3 19.Bf3 Rcd8 20.Qh4 Rd3 21.Bc1 Qe5 22.g3 Bxd1
23.Bxd1 g5 24.Qc4 Rdd8 25.Bb3 Re7 26.e4 Rd4 27.Qc8+ Re8 28.Qxb7 Rd7 29.Qc6 Rd6
30.Qc4 Rd7 31.f4 Qd6 32.e5 Qb6+ 33.Kh2 Rc7 34.Qa4 Nd7 35.Nd5 Qb7 36.Nxc7 Qxc7
37.Qc4 Qxc4 38.Bxc4 gxf4 39.gxf4 Kf8 40.Bd2 Rc8 41.Bb4+ Ke8 42.Bb5 a5 43.Rd1 Rc2+
44.Kg3 axb4 45.Rxd7 b3 46.Rb7+  1-0

[Event "Tel Aviv ASA"]
[Site "Tel Aviv"]
[Date "1995.??.??"]
[Round "4"]
[White "Kanstler, Boris"]
[Black "Bykhovsky, Anatoly A"]
[Result "1/2-1/2"]
[WhiteElo "2430"]
[BlackElo "2420"]

1.d4 d5 2.c4 c6 3.Nf3 Nf6 4.Nc3 e6 5.e3 Nbd7 6.Qc2 Bd6 7.Be2 O-O 8.O-O Re8
9.Rd1 Qe7 10.e4 dxe4 11.Nxe4 Nxe4 12.Qxe4 e5 13.Bg5 f6 14.Be3 exd4 15.Qxe7 Bxe7
16.Nxd4 Ne5 17.h3 g5 18.Rac1 Rd8 19.f4 gxf4 20.Bxf4 Bc5 21.Be3 Be6 22.b4 Bxd4
23.Bxd4 a5 24.a3 axb4 25.axb4 Ra2 26.Kf1 Kf7 27.Ke1 Rd7 28.Rc3 Ra8 29.Bc5 Rxd1+
30.Kxd1 Bf5 31.Bd6 Be4 32.g4 Ke6 33.c5 Kd5 34.Kd2 Kd4 35.Bxe5+ fxe5 36.Rc4+ Kd5
37.Rc3 Ra4 38.Ke3 Rxb4 39.Bd1 Ke6 40.Rb3 Rd4 41.Rxb7 Bg6 42.Be2  1/2-1/2

[Event "Czerniak mem"]
[Site "Tel Aviv"]
[Date "1995.??.??"]
[Round "4"]
[White "Karpman, Vadim"]
[Black "Karp, Michael"]
[Result "1-0"]
[WhiteElo "2385"]
[BlackElo "2275"]

1.d4 d5 2.c4 c6 3.Nc3 Nf6 4.e3 e6 5.Nf3 Nbd7 6.Qc2 a6 7.b3 b5 8.Bd3 Be7 9.O-O h6
10.e4 dxe4 11.Nxe4 O-O 12.Bf4 bxc4 13.Qxc4 c5 14.dxc5 Nxc5 15.Nxc5 Bxc5 16.Be5 Qd5
17.Qc3 Bb4 18.Qxb4 Qxd3 19.Bxf6 gxf6 20.Rfd1 Qb5 21.Qe7 Kg7 22.Rd4 e5 23.Rd6 e4
24.Qxf6+ Kg8 25.Ne5 Be6 26.Ng6  1-0

[Event "Terrasa op"]
[Site "Terrasa"]
[Date "1995.??.??"]
[Round "1"]
[White "Cifuentes Parada, Roberto"]
[Black "Gomez, Adalberto"]
[Result "1-0"]
[WhiteElo "2525"]
[BlackElo "2325"]

1.d4 d5 2.c4 e6 3.Nf3 Nf6 4.Nc3 c6 5.e3 Nbd7 6.Qc2 Bd6 7.g4 dxc4 8.g5 Nd5
9.Bxc4 N7b6 10.Be2 Bd7 11.Bd2 Qc7 12.Ne4 Be7 13.Nc5 O-O-O 14.a4 Kb8 15.a5 Nc8
16.Nxd7+ Qxd7 17.Ne5 Qe8 18.a6 f6 19.axb7 fxe5 20.bxc8=Q+ Rxc8 21.dxe5 Bxg5
22.Rg1 Bh6 23.Rg4 Qe7 24.Rga4 Rc7 25.Ba5 Rd7 26.Rc1 Qg5 27.Rg4 Qxe5 28.Qxc6 Qxh2
29.Ba6 Rc7 30.Rb4+  1-0

[Event "JUG-chT"]
[Site "Tivat"]
[Date "1995.??.??"]
[Round "1"]
[White "Abramovic, Bosko"]
[Black "Govedarica, Radovan"]
[Result "1/2-1/2"]
[WhiteElo "2480"]
[BlackElo "2430"]

1.d4 Nf6 2.Nf3 e6 3.c4 d5 4.Nc3 c6 5.e3 Nbd7 6.Qc2 Bd6 7.Be2 O-O 8.O-O dxc4
9.Bxc4 e5 10.Rd1 Qe7 11.h3 e4 12.Ng5 Nb6 13.Bb3 Bf5 14.f3 Bg6 15.Ngxe4 Nxe4
16.Nxe4 Rae8 17.Qf2 Bxe4 18.fxe4 Qxe4 19.Bc2 Qe7 20.e4 c5 21.e5 Bc7 22.Qf5 g6
23.Qf6 cxd4 24.Bh6 Bxe5 25.Qxe7 Rxe7 26.Bxf8 Kxf8 27.Bb3 Bf4 28.Kf2 h5 29.g3 Be3+
30.Kg2 Nd7 31.Re1 Ne5 32.Rad1 h4 33.gxh4 f5 34.Bd5 Kg7 35.Re2 Rd7 36.Bb3 Kf6
37.Rc2 d3 38.Rc8 d2 39.Rf8+ Ke7 40.Rg8 Bh6 41.Rh8 Bg7 42.Rh7 Kf6 43.Kf1 Rd4
44.Ke2 Nd7 45.h5 Nf8 46.hxg6 Kxg6 47.Rxg7+ Kxg7 48.Rxd2 Rh4 49.Bd5 b6 50.Bg2 Kf6
51.Rd6+ Kg5 52.b3 Rh7 53.Kf2 Ng6 54.Bf1 Rc7 55.Bc4 Ne5 56.Rd4 Rh7 57.Bf1 Ng6
58.a4 Nf4 59.a5 Rh6 60.Rd7 Nxh3+ 61.Bxh3 Rxh3 62.Rxa7 bxa5 63.Rxa5  1/2-1/2

[Event "Tivat op"]
[Site "Tivat"]
[Date "1995.??.??"]
[Round "3"]
[White "Bogdanovski, Vlatko"]
[Black "Blagojevic, Dragisa"]
[Result "1/2-1/2"]
[WhiteElo "2435"]
[BlackElo "2470"]

1.d4 d5 2.c4 c6 3.Nc3 Nf6 4.e3 e6 5.Nf3 Nbd7 6.Bd3 dxc4 7.Bxc4 b5 8.Be2 Bb7
9.O-O Be7 10.a3 a5 11.Qc2 O-O 12.Bd2 Rc8 13.Rfd1 Qc7 14.b4 axb4 15.axb4 Bd6
16.h3 h6 17.Rac1 Qb8 18.Qb1 Rfe8 19.Bd3 e5 20.dxe5 Bxe5 21.Ne4 Nxe4 22.Bxe4 Nf6
23.Nxe5 Nxe4 24.Nd7 Qc7 25.Nc5 Nxc5 26.Rxc5 Re5 27.Rdc1 Rd8 28.Qb2 Rxc5 29.Rxc5 Rd5
30.Rxd5 cxd5 31.Bc3 f6 32.Bd4 Bc8 33.Qa2 Qc1+ 34.Kh2 Qc7+ 35.Kg1 Qc1+ 36.Kh2 Qc7+  1/2-1/2

[Event "JUG-chT"]
[Site "Tivat"]
[Date "1995.??.??"]
[Round "4"]
[White "Barlov, Dragan"]
[Black "Radovanin, V."]
[Result "1-0"]
[WhiteElo "2465"]
[BlackElo "2325"]

1.d4 d5 2.c4 e6 3.Nc3 c6 4.e3 Nf6 5.Nf3 Nbd7 6.Qc2 Bd6 7.Be2 O-O 8.O-O e5
9.cxd5 cxd5 10.Nb5 Bb8 11.dxe5 Nxe5 12.b3 Nfg4 13.Nbd4 Qd6 14.g3 Qh6 15.Ba3 Rd8
16.Rfc1 Nxf2 17.Kxf2 Ng4+ 18.Ke1 Qxe3 19.Qd3 Qxd3 20.Bxd3 Nxh2 21.Nxh2 Bxg3+
22.Ke2 Bxh2 23.Rh1 Bd6 24.Bxd6 Rxd6 25.Rxh7 Bg4+ 26.Kd2 g6 27.Rh4 Bd7 28.Rc1 Rc8
29.Rxc8+ Bxc8 30.Nb5 Ra6 31.a4 Bd7 32.Nc3 Rb6 33.Nxd5 Rd6 34.Ne3 Be6 35.b4 Bb3
36.a5 Ba4 37.Kc3 b6 38.a6 b5 39.Rd4 Rxa6 40.Rd7 Rc6+ 41.Kd4 a5 42.Be4 Ra6
43.bxa5 Rxa5 44.Bd5 b4 45.Bxf7+ Kg7 46.Rc7 Kf6 47.Nd5+ Kg5 48.Rc1 Ra6 49.Ke5 Bb3
50.Rg1+ Kh6 51.Nxb4 Ra5+ 52.Nd5 Bc2 53.Kf6 Be4 54.Ne3 Ra2  1-0

[Event "JUG-chT"]
[Site "Tivat"]
[Date "1995.??.??"]
[Round "6"]
[White "Nikcevic, Nebojsa"]
[Black "Radonjanin, Vlastimir"]
[Result "1/2-1/2"]
[WhiteElo "2470"]
[BlackElo "2325"]

1.d4 e6 2.c4 d5 3.Nc3 c6 4.e3 Nf6 5.Nf3 Nbd7 6.Qc2 Bd6 7.g4 Nxg4 8.Rg1 Nxh2
9.Nxh2 Bxh2 10.Rxg7 Bd6 11.Rxh7 Rg8 12.Bd2 Nf6 13.Rh1 Bd7 14.O-O-O Qc7 15.e4 dxe4
16.c5 Bf4 17.Nxe4 Nxe4 18.Qxe4 Bxd2+ 19.Rxd2 O-O-O 20.Bc4 Rg6 21.Qf3 Be8
22.Bd3 Rg5 23.Be4 Qe7 24.Qa3  1/2-1/2

[Event "JUG-chT"]
[Site "Tivat"]
[Date "1995.??.??"]
[Round "7"]
[White "Shneider, Aleksandr"]
[Black "Zvjaginsev, Vadim"]
[Result "1/2-1/2"]
[WhiteElo "2530"]
[BlackElo "2600"]

1.d4 d5 2.Nf3 Nf6 3.c4 e6 4.Nc3 c6 5.e3 Nbd7 6.Qc2 Bd6 7.Be2 O-O 8.O-O b6
9.e4 Nxe4 10.Nxe4 dxe4 11.Qxe4 Bb7 12.Bf4 Nf6 13.Qe3 Ng4 14.Qd2 c5 15.Rad1 Qc7
16.Bxd6 Qxd6 17.dxc5 Qxc5 18.Qd4 Nf6 19.Qxc5 bxc5 20.Ne5 Rfd8 21.Rxd8+ Rxd8
22.Rd1 Rxd1+ 23.Bxd1 Kf8 24.Ba4 Ke7 25.f3 Ng8 26.a3 a5  1/2-1/2

[Event "JUG-chT"]
[Site "Tivat"]
[Date "1995.??.??"]
[Round "9"]
[White "Rajkovic, Dusan"]
[Black "Blagojevic, Dragisa"]
[Result "0-1"]
[WhiteElo "2480"]
[BlackElo "2460"]

1.d4 d5 2.c4 c6 3.Nf3 Nf6 4.Nc3 e6 5.e3 Nbd7 6.Bd3 dxc4 7.Bxc4 b5 8.Bd3 a6
9.e4 c5 10.d5 c4 11.dxe6 fxe6 12.Bc2 Qc7 13.O-O Bc5 14.Qe2 Ne5 15.Nxe5 Qxe5
16.Kh1 O-O 17.f4 Qh5 18.Qxh5 Nxh5 19.Bd1 Nf6 20.e5 Nd5 21.Bf3 Bb7 22.Bd2 Rad8
23.Nxd5 Bxd5 24.Ba5 Rd7 25.Bxd5 Rxd5 26.g3 g5 27.fxg5 Rxf1+ 28.Rxf1 Rxe5
29.h4 Bd4 30.Bc3 Bxc3 31.bxc3 Re3 32.Kg2 Rxc3 33.Rf6 Re3 34.g6 h5 35.g4 Kg7  0-1

[Event "JUG-chT"]
[Site "Tivat"]
[Date "1995.??.??"]
[Round "9"]
[White "Mozetic, Dejan"]
[Black "Jovicevic, Bozidar"]
[Result "1-0"]
[WhiteElo "2505"]
[BlackElo "2280"]

1.d4 d5 2.c4 c6 3.Nc3 Nf6 4.e3 e6 5.Nf3 Nbd7 6.Qc2 Bd6 7.g4 Nxg4 8.Rg1 Nxh2
9.Nxh2 Bxh2 10.Rxg7 Qf6 11.Rg2 Bd6 12.Bd2 Nf8 13.O-O-O Bd7 14.Kb1 Ng6 15.f4 Nh4
16.Rf2 a6 17.e4 Qxd4 18.Re2 Qg7 19.exd5 Qg6 20.Ne4 Be7 21.d6 Bd8 22.Bc3 Rg8
23.Bh3 Qh5 24.f5 Nf3 25.fxe6 fxe6 26.Bxe6 Bxe6 27.Nc5 Qxc5 28.Rxe6+ Kf8 29.Qxh7 Bg5
30.Re7  1-0

[Event "JUG-chT (Women)"]
[Site "Tivat"]
[Date "1995.??.??"]
[Round "10"]
[White "Zivkovic, Branimir"]
[Black "Micic, Snezana"]
[Result "1-0"]
[WhiteElo "2230"]
[BlackElo "2215"]

1.d4 d5 2.c4 c6 3.e3 Nf6 4.Nc3 e6 5.Nf3 Nbd7 6.Bd3 dxc4 7.Bxc4 b5 8.Bd3 Bb7
9.O-O a6 10.e4 c5 11.Bg5 cxd4 12.Nxd4 Be7 13.Bxf6 Bxf6 14.Nb3 O-O 15.f4 b4
16.Na4 Bc6 17.e5 Be7 18.Bxh7+ Kxh7 19.Qc2+ g6 20.Qxc6 Ra7 21.Rac1 Qb8 22.Nd4 Bd8
23.Qe4 Rc7 24.b3 Nb6 25.Nxb6 Qxb6 26.Kh1 Rd7 27.Nf3 Qa5 28.Rcd1 Rd5 29.Rxd5 exd5
30.Qd3 Qxa2 31.Qxd5 Qc2 32.Qd6 Kg7 33.Qxb4 Qe2 34.Re1 Qa2 35.Qb7 Re8 36.Qd7 Ba5
37.Qxe8 Bxe1 38.e6 Qe2 39.Qxf7+ Kh6 40.Qf8+ Kh5 41.Qh8+ Kg4 42.h4 Kxf4 43.Qe5+  1-0

[Event "Toronto op"]
[Site "Toronto"]
[Date "1995.??.??"]
[Round "6"]
[White "Livshits, Ron"]
[Black "Ristovic, Ninad"]
[Result "1-0"]
[WhiteElo "2365"]
[BlackElo "2290"]

1.d4 d5 2.c4 e6 3.Nc3 c6 4.e3 Nf6 5.Nf3 Nbd7 6.Bd3 dxc4 7.Bxc4 b5 8.Bd3 Bb7
9.a3 a6 10.b4 a5 11.Rb1 Bd6 12.O-O Qe7 13.Bd2 axb4 14.axb4 O-O 15.Qc2 Bxb4
16.e4 c5 17.e5 Nd5 18.Nxd5 Bxd5 19.Bxh7+ Kh8 20.Bg5 f6 21.Nh4 Ra2 22.exf6 Rxf6
23.Qd3 Ra3 24.Qg6 Rxg6 25.Nxg6+ Kxh7 26.Nxe7 Be4 27.dxc5 Bxc5 28.Rxb5 Bd3
29.Rxc5 Nxc5 30.Re1 Be4 31.h4 Rb3 32.Kh2 Rb2 33.Kg3 Bb7 34.f3 Rb3 35.Kh2 Rb2
36.Kh3 Ba6 37.Re5 Nd7 38.Re1 e5 39.Kg3 Bb7 40.Rd1 Nc5 41.Be3 Ne6 42.Rd7 Ba6
43.Rd5 Bf1 44.Bf2 Rb7 45.Nc6 Nf4 46.Rd1 Bxg2 47.Nxe5 Rb2 48.Nc4 Re2 49.Rd2 Bh1
50.Kxf4  1-0

[Event "FRA-chB"]
[Site "Toulouse"]
[Date "1995.??.??"]
[Round "3"]
[White "Alet, Jean Perre"]
[Black "Fattoumi, Heykel"]
[Result "1-0"]
[WhiteElo "2220"]
[BlackElo "2145"]

1.c4 c6 2.Nf3 d5 3.e3 Nf6 4.Nc3 e6 5.d4 Nbd7 6.Qc2 Bd6 7.e4 dxe4 8.Nxe4 Nxe4
9.Qxe4 O-O 10.Qc2 e5 11.Bd3 h6 12.dxe5 Nxe5 13.Nxe5 Qa5+ 14.Bd2 Qxe5+ 15.Kf1 Qf6
16.Re1 Be5 17.h4 Rd8 18.Bh7+ Kf8 19.Bb4+ Bd6 20.Bc3 Qf4 21.Re4 Bf5 22.Bxf5 Qxf5
23.Re8+  1-0

[Event "FRA-chB"]
[Site "Toulouse"]
[Date "1995.??.??"]
[Round "8"]
[White "Eliet, Nicolas"]
[Black "Fontaine, Alain"]
[Result "1-0"]
[WhiteElo "2345"]
[BlackElo "2285"]

1.c4 c6 2.Nc3 d5 3.d4 Nf6 4.Nf3 e6 5.e3 Nbd7 6.Bd3 Bd6 7.e4 dxe4 8.Nxe4 Nxe4
9.Bxe4 Nf6 10.Bc2 b6 11.O-O O-O 12.Bg5 Bb7 13.Qd3 g6 14.Rad1 Re8 15.Rfe1 Be7
16.Qc3 Nd7 17.Bf4 Bf6 18.Qe3 c5 19.dxc5 Bxf3 20.Qxf3 bxc5 21.Ba4 Bd4 22.Bc6 Rc8
23.Bb7 e5 24.Bxc8 Qxc8 25.Qe2 Re6 26.Be3 Qb7 27.b3 Kg7 28.Qd2 Rd6 29.Bxd4 Rxd4
30.Qa5 Qb8 31.Rxd4 exd4 32.Qd2 Qd6 33.Qg5 Nf6 34.Qe5 Qb6 35.g4 h6 36.h4 Kg8
37.g5 hxg5 38.hxg5 Nh7 39.f4 Nf8 40.Re2 Ne6 41.Rh2 Ng7 42.Kf1 Qb7 43.Ke2 Qc8
44.Kd2 a5 45.Kc2 a4 46.Kb2 axb3 47.axb3 Qf8 48.f5 gxf5 49.Qf6  1-0

[Event "FRA-chB"]
[Site "Toulouse"]
[Date "1995.??.??"]
[Round "9"]
[White "Nguyen, Chi Minh"]
[Black "Midoux, Sebastien"]
[Result "1-0"]
[WhiteElo "2245"]
[BlackElo "1980"]

1.d4 d5 2.c4 c6 3.Nc3 Nf6 4.e3 e6 5.Nf3 Nbd7 6.Qc2 Be7 7.g4 dxc4 8.Bxc4 b5
9.Bd3 a6 10.e4 c5 11.g5 Ng4 12.h3 cxd4 13.hxg4 dxc3 14.Qxc3 e5 15.Qc6 Rb8
16.g6 Bb7 17.gxf7+ Kf8 18.Qc2 Rc8 19.Qe2 Kxf7 20.Be3 h6 21.Rd1 Bf6 22.Bc2 Qe7
23.Bb3+ Kg6 24.g5 hxg5 25.Nh4+  1-0

[Event "Trelew Clarin-GP"]
[Site "Trelew"]
[Date "1995.??.??"]
[Round "5"]
[White "Garcia, Raimundo"]
[Black "Kanefsck, Gustavo"]
[Result "1-0"]
[WhiteElo "2395"]
[BlackElo "2295"]

1.d4 d5 2.c4 c6 3.Nc3 Nf6 4.e3 e6 5.Nf3 Nbd7 6.Qc2 Bd6 7.Bd2 O-O 8.Bd3 Re8
9.O-O Qe7 10.Rae1 dxc4 11.Bxc4 h6 12.h3 a6 13.a4 e5 14.Nh4 Nb6 15.Ng6 Qd8
16.Bb3 e4 17.f4 exf3 18.Rxf3 Nbd5 19.Nh4 Bc7 20.Ref1 Qd6 21.e4 Qh2+ 22.Kf2 Nxc3
23.bxc3 Rxe4 24.Bxf7+ Kf8 25.Ng6+ Kxf7 26.Qxe4 Qg3+ 27.Rxg3 Nxe4+ 28.Ke3+ Nf6
29.Ne5+ Kf8 30.Kd3 Be6 31.Bxh6 Ke8 32.Rxg7 Bxe5 33.dxe5 Nd7 34.Bg5  1-0

[Event "SVK-ch"]
[Site "Trencin"]
[Date "1995.??.??"]
[Round "2"]
[White "Kogan, Artur"]
[Black "Kornilovich, Vitaly"]
[Result "1-0"]
[WhiteElo "2495"]
[BlackElo "2205"]

1.d4 d5 2.c4 c6 3.Nc3 Nf6 4.Nf3 e6 5.e3 Nbd7 6.Qc2 Bd6 7.Be2 O-O 8.O-O Qe7
9.Rd1 h6 10.b3 dxc4 11.bxc4 e5 12.a4 Re8 13.Qb3 exd4 14.exd4 Nf8 15.Ba3 Bxa3
16.Qxa3 Bf5 17.d5 cxd5 18.cxd5 Qxa3 19.Rxa3 a6 20.Nd4 Ne4 21.Nxf5 Nxc3 22.Rxc3 Rxe2
23.Rc7 b5 24.Kf1 Rb2 25.a5 Ra2 26.Ne7+ Kh7 27.Nc6 Re8 28.Rxf7 Kg8 29.Rf3 Ree2
30.Nb4 Red2 31.Rxd2 Rxd2 32.Rd3 Rxd3 33.Nxd3 Nd7 34.Ke2 Kf7 35.Ke3 Ke7 36.Kd4 Kd6
37.f4 Nf6 38.Nb4 g6 39.g3  1-0

[Event "SVK-ch"]
[Site "Trencin"]
[Date "1995.??.??"]
[Round "8"]
[White "Priehoda, Vitezslav"]
[Black "Pcola, Pavel"]
[Result "1/2-1/2"]
[WhiteElo "2365"]
[BlackElo "2335"]

1.d4 d5 2.c4 c6 3.Nf3 Nf6 4.Nc3 e6 5.e3 Nbd7 6.Qc2 Bd6 7.b3 O-O 8.Be2 dxc4
9.bxc4 e5 10.O-O exd4 11.exd4 Re8 12.c5 Bc7 13.Bg5 Nf8 14.Rad1 h6 15.Bh4 Ng6
16.Bg3 Nf4 17.Bxf4 Bxf4 18.Rfe1 Qa5 19.g3 Bc7 20.Nd2 Be6 21.Rb1 b5 22.Bf3 b4
23.Rxe6 Rxe6 24.Nc4 Qa6 25.Rxb4 Rd8 26.Ne3 Qc8 27.Qa4 a5 28.Rb1 Qd7 29.Rd1 h5
30.Qc4 Rb8 31.a3 h4 32.d5 cxd5 33.Ncxd5 Nxd5 34.Bxd5 hxg3 35.hxg3 Rf6 36.Bg2 Qe6
37.Nd5 Rg6 38.Qc3 Be5 39.Qxa5 Rb2 40.Qd8+ Kh7 41.Re1 Rxf2 42.Qh4+ Rh6 43.Qe4+ Rf5
44.Qxf5+  1/2-1/2

[Event "American op"]
[Site "USA"]
[Date "1995.??.??"]
[Round "5"]
[White "Watson, John L"]
[Black "Kaiser, Thomas"]
[Result "1-0"]
[WhiteElo "2395"]
[BlackElo "2275"]

1.d4 c6 2.c4 d5 3.Nc3 Nf6 4.e3 e6 5.Nf3 Nbd7 6.Qc2 Bd6 7.Bd2 O-O 8.O-O-O e5
9.cxd5 cxd5 10.Nb5 Bb8 11.dxe5 Nxe5 12.Bc3 Re8 13.Nbd4 a6 14.Nxe5 Bxe5 15.Bd3 Ne4
16.Bxe4 dxe4 17.Nc6  1-0

[Event "American op"]
[Site "USA"]
[Date "1995.??.??"]
[Round "6"]
[White "Bisguier, Arthur Bernard"]
[Black "Ciaffone, Robert"]
[Result "1-0"]
[WhiteElo "2370"]
[BlackElo "2350"]

1.d4 d5 2.c4 e6 3.Nc3 c6 4.e3 Nf6 5.Nf3 Nbd7 6.Bd3 dxc4 7.Bxc4 b5 8.Bd3 a6
9.e4 c5 10.e5 cxd4 11.Nxb5 Ng4 12.Nbxd4 Bb4+ 13.Bd2 Qa5 14.Be4 Bxd2+ 15.Nxd2 Qxe5
16.Qe2 Qxd4 17.Bxa8 Qxb2 18.Rb1 Qd4 19.O-O O-O 20.Nf3 Ndf6 21.Nxd4  1-0

[Event "Val Thorens op"]
[Site "Val Thorens"]
[Date "1995.??.??"]
[Round "?"]
[White "Moncelli, Giorgio"]
[Black "Lacrosse, Marc"]
[Result "1/2-1/2"]
[WhiteElo "2015"]
[BlackElo "2275"]

1.d4 d5 2.Nf3 Nf6 3.c4 e6 4.Nc3 c6 5.e3 Nbd7 6.Bd3 dxc4 7.Bxc4 b5 8.Bd3 a6
9.e4 c5 10.d5 e5 11.b3 c4 12.bxc4 Bb4 13.Bd2 bxc4 14.Bb1 O-O 15.O-O Qc7 16.Qe2 Rb8
17.Bc2 a5 18.Nh4 Re8 19.Ba4 Rf8 20.Rfc1 Nc5 21.Qxc4 Ba6 22.Bb5 Bxc3 23.Bxa6 Bxa1
24.Rxa1 Nxa6 25.Qxa6 Nxe4 26.Bxa5 Qc2 27.Qf1 Qc5 28.Qe1 Qxd5 29.Nf5 Rfe8
30.Rd1 Qc6 31.Rc1 Qd5 32.f3 Nf6 33.Bc7 Rb2 34.Qg3 g6 35.h4 Rc2 36.Rxc2 Qd1+
37.Kh2 Qxc2 38.Nh6+ Kg7 39.Bxe5 Rxe5 40.Qxe5 Kxh6 41.Qxf6 Qxa2 42.Qg5+ Kg7
43.Qe5+ Kg8 44.Qe8+  1/2-1/2

[Event "Val Thorens op"]
[Site "Val Thorens"]
[Date "1995.??.??"]
[Round "?"]
[White "Tran Van Ti, Igor"]
[Black "Marzolo, Cyril"]
[Result "1/2-1/2"]
[WhiteElo "1880"]
[BlackElo "2210"]

1.d4 e6 2.Nf3 Nf6 3.c4 d5 4.Nc3 c6 5.e3 Nbd7 6.Bd3 dxc4 7.Bxc4 b5 8.Be2 Bb7
9.a3 a6 10.b4 Bd6 11.O-O e5 12.Qc2 O-O 13.Rd1 Qc7 14.Bd2 Rfe8 15.h3 exd4
16.Nxd4 c5 17.Nf5 Bf8 18.Rab1 cxb4 19.axb4 Ne5 20.Nd4 Rad8 21.Ne4 Qxc2 22.Nxf6+ gxf6
23.Nxc2 Be4 24.Rbc1 Bd3 25.Kf1 Nc4 26.Bxd3 Rxd3 27.Be1 Nb2 28.Rxd3 Nxd3 29.Ra1 Rc8
30.Ra2  1/2-1/2

[Event "Val Thorens op"]
[Site "Val Thorens"]
[Date "1995.??.??"]
[Round "?"]
[White "Horvath, J."]
[Black "Chaury, Fabien"]
[Result "1-0"]
[WhiteElo "2510"]
[BlackElo "1960"]

1.d4 d5 2.c4 c6 3.Nc3 Nf6 4.e3 e6 5.Nf3 Bd6 6.Bd3 dxc4 7.Bxc4 b5 8.Bd3 a6
9.e4 Be7 10.O-O Bb7 11.Qe2 c5 12.dxc5 Bxc5 13.Bxb5+ Nbd7 14.Ba4 O-O 15.Bg5 Qa5
16.a3 Nxe4 17.Bxd7 Nxg5 18.Nxg5 Qd8 19.Qh5 h6 20.Nxe6 fxe6 21.Bxe6+ Kh8 22.Qxc5  1-0